Основы классической ТРИЗ. Практическое руководство для изобретательного мышления: практическое руководство для изобретательного мышления

Detalles Bibliográficos
Autor Principal: Орлов М. А. Михаил Александрович
Idioma:ruso
Publicado: Москва, СОЛОН-Пресс, 2005
Edición:Русскоязычное изд.
Subjects:
Formato: Libro
KOHA link:https://koha.lib.tpu.ru/cgi-bin/koha/opac-detail.pl?biblionumber=87519

MARC

LEADER 00000nam0a2200000 4500
001 87519
005 20231031102231.0
010 |a 598003191X 
035 |a (RuTPU)RU\TPU\book\93953 
090 |a 87519 
100 |a 20051209d2005 km y0rusy50 ca 
101 0 |a rus 
102 |a RU 
105 |a a z 001zy 
200 1 |a Основы классической ТРИЗ. Практическое руководство для изобретательного мышления  |e практическое руководство для изобретательного мышления  |f М. А. Орлов 
205 |a Русскоязычное изд. 
210 |a Москва  |c СОЛОН-Пресс  |d 2005 
215 |a 415 с.  |c ил. 
320 |a Указатель терминов: с. 408-412 
610 1 |a изобретения 
610 1 |a изобретательское творчество 
610 1 |a изобретательское мышление 
610 1 |a ТРИЗ 
610 1 |a изобретательские задачи 
610 1 |a принципы 
610 1 |a модели 
610 1 |a стратегия 
610 1 |a навигаторы 
675 |a 608  |v 3 
700 1 |a Орлов  |b М. А.  |g Михаил Александрович 
801 1 |a RU  |b 63413507  |c 20051209  |g PSBO 
801 2 |a RU  |b 63413507  |c 20140325  |g PSBO 
942 |c BK